Statistics for The Battle Cats legend stages subchapters

Click here to take the quiz!

General Stats

  • This quiz has been taken 13 times
  • The average score is 42 of 105

Answer Stats

EnemiesStories of Legend% Correct
Metal Hippoe
St. Pigge the 2nd
Doge Dark
The Legend Begins
100%
YoucanArea 22
71%
Professor A.
Razorback
Axis of Evil
71%
Shadow Boxer K
Rain D.
Bamboo Island
71%
Winged PiggeBeyond the Savannah
71%
DolphinaCutpurse Coast
71%
-Ends of the Earth
71%
-Grotesque Gallery
71%
CroakleyIT Catacombs
71%
Coffin Zoge
Zamelle
Mouseyland
71%
Big SalQuarantine Isles
71%
BoreSea of Tuna
71%
UltraBaaBaaSingularityville
71%
-The Legend Ends
71%
Doge Base
Inumusha
Walk of Fame
71%
J.K Bun BunWestern Street
71%
Cala MariaAbove & Below
57%
R. Ost
Dober P.D
Alcatraz
57%
Relic Bun-Bun
Relic Doge
A New Legend
57%
HackeyBlizzard Boulevard
57%
Le' Noir
Li'l Nyandam
Dead End Night
57%
HenryGalapa-Goth
57%
Celeboodle
Dagshund
Glucosamine Desert
57%
OldhornHere Be Dragons
57%
Tackey
Mr. Angel
Intrepid Cats
57%
Li'l Bun BunKombu Cape
57%
Mecha-Bun
Idi:N
Laboratory of Relics
57%
-Neverending Cat Story
57%
Otta-smack-uRisque Terrain
57%
Gory Black
Owlbrow
Camelle
Squishy Cave
57%
-Suburbs of the Dead
57%
Director KurosawahSushi Island
57%
Croconator
Urs & Fenrir
The Gelatin Mines
57%
-The Scratching Post
57%
KoryVolkanos Volcano
57%
Two Can
Codename "Red Riding"
Weak & Mildly Acidic
57%
-Windless Island
57%
Chickful ABattle Royale
43%
Elder Beast NaalaBehemoth's Peak
43%
Mr. MoleBody & Soul
43%
Gabriel
Heavenly Hippoe
Angelic Gory
Capone's Jail
43%
-Castle of Fish
43%
DogumaruDepths of My Heart
43%
Ragin' GoryDNA Plantation
43%
-Ghost Sea
43%
-Heaven's Back Alley
43%
Great Ape LuzaHumanity Catified
43%
Sir Metal Seal
Ururun Wolf
Jail Break Tunnel
43%
H. NahLow Tide Beach
43%
Master A.Passion Land
43%
Trolly Blogger
Metal Doge
Prince of Darkness
43%
BoraphimShadow Cosmopolis
43%
Pigeon de Sable
Dark Otter
Angelic Sleipnir
Stairway to Darkness
43%
Duche
THE SLOTH
Swimming Cats
43%
Bore Jr.Theatre of Fear
43%
LowkeyAbyss Gazers
29%
-Ancient Mountains
29%
LorisBarking Bay
29%
Mr. PuffingtonBattle in the Bath
29%
-Cherry Isles
29%
-Coup de Chat
29%
-Dawn of the Beginning
29%
Red EnerG
Midnite D.
Deathkory
Dead Heat Land
29%
RaynardDiver's City
29%
GobbleDrunken Foundry
29%
-Exile's Resort
29%
ZollowForgotten Graves
29%
Surge BaseIn the Sleeping Forest
29%
-Laboratory Island
29%
-Law of the Wildlands
29%
Johnnyleon
Relic Doge Base
Morningstar Isle
29%
Mr. MerNasi-Go-Round
29%
OthomPrimeval Currents
29%
-Rose-Colored Road
29%
Zero Luza
Origin Base
Sacred Forest
29%
-Scars of War
29%
Capy
Brollow
Berserkory
Sea Polluter
29%
Ginger Snache
Wall Doge
Sunfish Jones
Silk Road
29%
Aku DogeSpacetime Distortion
29%
-The Devil's Academy
29%
Mini White CycloneThe Edge of Spacetime
29%
Sir RelThe Endless Wood
29%
-The Happy Lucky Temple
29%
Lutrinae GokurakkoThe Ururuvu Journals
29%
MetafilibusterZero Field
29%
Great Angel ChibinelBaazar of the Pirate King
14%
Miz Devil
Medu-san
Ackey
Bikura, Harbor of Evil
14%
HaniwanwanCat-Chasing Village
14%
-Cats Cradle Basin
14%
Mega Baa BaaCats of a Common Sea
14%
Aku AltarImminent Disaster
14%
-Marine Ministry
14%
J.J. Jackrabbit
Li'l Doge
Golem Sunfish
Moodist Beach
14%
M. OstNeo-Necropolis
14%
-New World Ehen
14%
-Pararila Peninsula
14%
Metal One Horn
Bun Bun Black
Partheon
14%
St. DoberRealm of Whyworry
14%
-Roads of Torment
14%
Mini Angel CycloneTruth in Extremes
14%
-Unearthed Artifacts
14%
Elder Mask DoronAncient Forest Labirynth
0%
-Between Truth and Lies
0%
-Castle of the Sentinels
0%
KoroniumPumpkin Titanium
0%

Score Distribution

Percentile by Number Answered

Percent of People with Each Score

Your Score History

You have not taken this quiz